000 01172nam a2200313 c 4500
999 _c1848
_d1848
003 BLK
005 20230224175352.0
008 180412b bul|||||r ||||||| ||bul||
010 _aKNG00002749000
040 _aBLK
041 _aBUL
_cBUL
080 _aПраво
_b34
_x(497.2)(075.8)
_z34(497.2)(075.8)
100 1 _aМилкова, Фани
_eпърви автор
_9244889
139 _aМилкова, Фани
_bМ 60
245 1 0 _aИстория на българската буржоазна държава и право през периода 1918 - 1944 година
_bУчебник за студентите от СУ Кл. Охридски
_cФани Милкова.
257 _aBGR
260 _aСофия
_bНаука и изкуство
_c1976
300 _a224 с.
_c22 см
380 _a3
504 _aБиблиогр. под линия.
650 4 _aПраво - България - учебници за ВУЗ
_9243770
653 _aправо
653 _aучебници за ВУЗ
852 _aЦб 81670
856 4 _qpdf
_u
_i0.00
_ldisable
856 4 _qpdf
_u
_i0.00
_ldisable
942 _cKNG
_n0
_04
_s1
944 _aCR
_c18.06.2004
_kЦветанка_Енчева
944 _aED
_c06.07.2004
999 _d1848